| 000 | 00694cam a22002293a 4500 | ||
|---|---|---|---|
| 001 | 20233 | ||
| 003 | PGUSA | ||
| 005 | 20140828083428.0 | ||
| 008 | 061231s2006||||xxu|||||s|||||000 | eng d | ||
| 040 |
_aPGUSA _beng |
||
| 042 | _adc | ||
| 050 | 4 | _aBL | |
| 100 | 1 |
_aBuchanan, James, _d1804-1870 |
|
| 245 | 1 | 0 |
_aModern Atheism under its forms of Pantheism, Materialism, Secularism, Development, and Natural Laws _h[electronic resource] / _cJames Buchanan |
| 260 |
_bProject Gutenberg, _c2006 |
||
| 506 | _aPublic domain in the USA. | ||
| 516 | _aElectronic text | ||
| 653 | _aAtheism | ||
| 830 | 0 |
_aProject Gutenberg _v20233 |
|
| 856 | 4 | 0 | _uhttp://www.gutenberg.org/ebooks/20233 |
| 942 | _cEB | ||
| 999 |
_c249488 _d249488 |
||